Dreams to reality : (Record no. 47836)
[ view plain ]
| 000 -LEADER | |
|---|---|
| fixed length control field | 00495nam a22001457a 4500 |
| 005 - DATE AND TIME OF LATEST TRANSACTION | |
| control field | 20181126135627.0 |
| 020 ## - INTERNATIONAL STANDARD BOOK NUMBER | |
| International Standard Book Number | 812431277-X |
| Terms of availability | 100.00 |
| 035 ## - SYSTEM CONTROL NUMBER | |
| System control number | B-190307 B-190335 |
| 082 ## - DEWEY DECIMAL CLASSIFICATION NUMBER | |
| Classification number | 921 |
| 245 ## - TITLE STATEMENT | |
| Title | Dreams to reality : |
| Remainder of title | a biography of Dr. A. P. J Abdul Kalam / |
| Statement of responsibility, etc | by Srinivas laxman ; illustrated by Prabhakar Wairkar |
| 260 ## - PUBLICATION, DISTRIBUTION, ETC. (IMPRINT) | |
| Place of publication, distribution, etc | Mumbai |
| Name of publisher, distributor, etc | Navneet publications |
| Date of publication, distribution, etc | 2005 |
| 300 ## - PHYSICAL DESCRIPTION | |
| Extent | 112p. |
| Other physical details | ill. |
| Dimensions | 22cm (Hb) |
| 700 ## - ADDED ENTRY--PERSONAL NAME | |
| Personal name | Wairkar, Prabhakar |
| 9 (RLIN) | 22016 |
| 942 ## - ADDED ENTRY ELEMENTS (KOHA) | |
| Source of classification or shelving scheme | Dewey Decimal Classification |
| Item type | English Books |
| Classification part | 921 |
| Call number suffix | ABD |
| Withdrawn status | Lost status | Not for loan | Collection code | Home library | Current library | Date acquired | Cost, normal purchase price | Full call number | Barcode | Copy number | Cost, replacement price | Koha item type | Source of acquisition |
|---|---|---|---|---|---|---|---|---|---|---|---|---|---|
| Not For Loan | Non-fiction | Patel Nagar | Patel Nagar | 27/09/2010 | 100.00 | 921 ABD | B-190307 | 1 | 100.00 | English Books | |||
| Non-fiction | R.C.Libraries (zls) | R.C.Libraries (zls) | 26/11/2018 | 100.00 | 921 ABD | B-190335 | 100.00 | English Books | |||||
| Non-fiction | R.C.Libraries (zls) | R.C.Libraries (zls) | 30/11/2021 | 100.00 | 921 ABD | B-190341 | English Books | ||||||
| Non-fiction | Yojana Vihar | Yojana Vihar | 17/10/2019 | 100.00 | 921 ABD | B-190331 | 100.00 | English Books | BPPD/PUB |
